| 000 | 00350nam a22001457a 4500 | ||
|---|---|---|---|
| 020 | _a81-87659-37-8 | ||
| 082 |
_a581 _bCHO/B |
||
| 100 | _aCHOICE INTERNATIONAL | ||
| 245 |
_aDELHI _bCHOICE INTERNATIONAL |
||
| 250 | _aFIRST EDITION | ||
| 260 |
_aDELHI _bCHOICE INTERNATIONAL _c2001 |
||
| 300 | _a448 | ||
| 650 |
_aBOTANY MINI BOOK _zINDIA |
||
| 942 | _cBK | ||
| 999 |
_c1711 _d1711 |
||